书目信息 |
| 题名: |
中国科技法学
|
|
| 作者: | 王河 主编 | |
| 分册: | ||
| 出版信息: | 北京 法律出版社 1991 |
|
| 页数: | 444页 | |
| 开本: | 20cm | |
| 丛书名: | ||
| 单 册: | ||
| 中图分类: | D922.171 | |
| 科图分类: | ||
| 主题词: | 科技法--中国--教材 | |
| 电子资源: | ||
| ISBN: | 7-5036-1010-7 | |
| 000 | 00536nam0 2200193 450 | |
| 001 | 0751922535 | |
| 005 | 20070724091249.26 | |
| 010 | @a7-5036-1010-7@dCNY7.80 | |
| 100 | @a20070719d1991 km y0chiy0120 ea | |
| 101 | 0 | @achi |
| 102 | @aCN@b110000 | |
| 200 | 1 | @a中国科技法学@Azhong guo ke ji fa xue@f王河主编@Fwang he zhu bian |
| 210 | @a北京@c法律出版社@d1991 | |
| 215 | @a444页@d20cm | |
| 606 | 0 | @a科技法@y中国@x教材 |
| 690 | @aD922.171@v3 | |
| 701 | 0 | @a王河@Awang he@4主编 |
| 801 | 0 | @aCN@bPFT@c20070724 |
| 905 | @a10447@dD922.171@e750 | |
| 中国科技法学/王河主编.-北京:法律出版社,1991 |
| 444页;20cm |
| ISBN 7-5036-1010-7:CNY7.80 |
| ● |
| 相关链接 |
|
|
|
|
正题名:中国科技法学
索取号:D922.171/750
 
预约/预借
| 序号 | 登录号 | 条形码 | 馆藏地/架位号 | 状态 | 备注 |
| 1 | 0767323 | 207673230 | 第一样本阅览室/ [索取号:D922.171/750] | 在馆 |